| 000 | 00607nam a2200181 a 4500 | ||
|---|---|---|---|
| 005 | 20140412111335.0 | ||
| 008 | 040525s19uu xx 00 eng d | ||
| 020 | _a0-02-830978-2 | ||
| 050 |
_aTR(GS 372.4 _bA19 2000 |
||
| 100 | _aAdams, Marilyn Jager | ||
| 245 |
_aComprehension and writing assessment (orange), level 1 : _bTeacher's Anotated edition / _cMarilyn Jager Adams & et al. |
||
| 260 |
_aColumbus, Ohio : _bSRA McGraw-Hill, _c2000. |
||
| 300 | _a111 p. | ||
| 440 | _aSRA Open Court Reading | ||
| 650 |
_aReading _xStudy and teaching |
||
| 650 |
_aWriting _xStudy and teaching |
||
| 999 |
_c105024 _d105024 |
||